000 00412nam a2200181Ia 4500
001 7382
005 20260306160451.0
008 260306t2012||||xx |||||||||||||| ||spa||
041 _aESP
082 _a338.9
_bB25
100 _aBarro, Robert J.
_eAUT
245 0 _aCrecimiento economico
260 _c2012
300 _a660 páginas :
_c24 cm.
650 _aGEN
654 _aCAN
942 _cLIB
_dJUS
_fJUS
_2ddc
_n
999 _c7382
_d7382